000
00244nam a2200109Ia 4500
008
220204s9999 xx 000 0 und d
082
_a
954
_b
WAR
100
_a
B
245
0
_a
India and the west
260
_a
London
_b
Hamilton
_c
1961
942
_c
BK
999
_c
19990
_d
19990